Sports Quiz

Random Sports or WWE Quiz

NJPW Wrestle Kingdom 9 (2015) Card Quiz Stats

 Plays Quiz not verified by Sporcle

Support Sporcle.
Go Orange.
Score 0/53 Timer 08:00
0 Plays Today
Match Wrestler % Correct
(1) IWGP Jr. Heavyweight Tag Team Championship 4WAY MatchNick Jackson
94.6%
(1) IWGP Jr. Heavyweight Tag Team Championship 4WAY MatchMatt Jackson
94.4%
(10) IWGP Heavyweight Championship MatchKazuchika Okada
94.4%
(10) IWGP Heavyweight Championship MatchHiroshi Tanahashi
92.9%
(9) IWGP Intercontinental Championship MatchShinsuke Nakamura
92.5%
(8) Special Singles MatchA.J. Styles
92.1%
(7) IWGP Tag Team Championship Match:Karl Anderson
91.7%
(7) IWGP Tag Team Championship Match:Doc Gallows
91%
(6) IWGP Jr. Heavyweight Championship MatchKenny Omega
89.8%
(2) Special 6-Man Tag MatchBad Luck Fale
85.8%
(5) NEVER Openweight Championship MatchTomohiro Ishii
85%
(1) IWGP Jr. Heavyweight Tag Team Championship 4WAY MatchKUSHIDA
84.6%
(4) Special Singles Match: Complete Conclusion RulesMinoru Suzuki
84.4%
(8) Special Singles MatchTetsuya Naito
84.2%
(9) IWGP Intercontinental Championship MatchKota Ibushi
84.2%
(7) IWGP Tag Team Championship Match:Hirooki Goto
83.8%
(7) IWGP Tag Team Championship Match:Katsuyori Shibata
83.3%
(1) IWGP Jr. Heavyweight Tag Team Championship 4WAY MatchRocky Romero
81.7%
(2) Special 6-Man Tag MatchYujiro Takahashi
78.3%
Pre-Show: 15-Man New Japan RumbleTama Tonga
75.6%
(5) NEVER Openweight Championship MatchTogi Makabe
75.2%
(1) IWGP Jr. Heavyweight Tag Team Championship 4WAY MatchBobby Fish
73.8%
(3) Special 8-Man Tag MatchDavey Boy Smith Jr.
73.3%
(1) IWGP Jr. Heavyweight Tag Team Championship 4WAY MatchAlex Shelley
73.1%
(1) IWGP Jr. Heavyweight Tag Team Championship 4WAY MatchKyle O'Reilly
72.9%
(3) Special 8-Man Tag MatchLance Archer
72.5%
(6) IWGP Jr. Heavyweight Championship MatchRyusuke Taguchi
71.5%
Match Wrestler % Correct
Pre-Show: 15-Man New Japan RumbleJushin Thunder Liger
71%
(3) Special 8-Man Tag MatchToru Yano
70.2%
(2) Special 6-Man Tag MatchSatoshi Kojima
65.8%
(3) Special 8-Man Tag MatchShelton Benjamin
65.8%
(2) Special 6-Man Tag MatchHiroyoshi Tenzan
65.6%
(2) Special 6-Man Tag MatchTomoaki Honma
65%
Pre-Show: 15-Man New Japan RumbleYuji Nagata
63.3%
(1) IWGP Jr. Heavyweight Tag Team Championship 4WAY MatchAlex Koslov
62.9%
(4) Special Singles Match: Complete Conclusion RulesKazushi Sakuraba
59.2%
(2) Special 6-Man Tag MatchJeff Jarrett
58.3%
Pre-Show: 15-Man New Japan RumbleTiger Mask (IV)
53.1%
Pre-Show: 15-Man New Japan RumbleCaptain New Japan
52.1%
Pre-Show: 15-Man New Japan RumbleTaichi
49.4%
Pre-Show: 15-Man New Japan RumbleTAKA Michinoku
48.5%
(3) Special 8-Man Tag MatchNaomichi Marufuji
46.9%
(3) Special 8-Man Tag MatchTakashi Iizuka
46.7%
Pre-Show: 15-Man New Japan RumbleManabu Nakanishi
44%
Pre-Show: 15-Man New Japan RumbleYOSHI-HASHI
43.5%
Pre-Show: 15-Man New Japan RumbleEl Desperado
42.5%
(3) Special 8-Man Tag MatchShane Haste
41.3%
(3) Special 8-Man Tag MatchMikey Nichols
37.9%
Pre-Show: 15-Man New Japan RumbleSho Tanaka
31.9%
Pre-Show: 15-Man New Japan RumbleYohei Komatsu
25%
Pre-Show: 15-Man New Japan RumbleHiro Saito
24.6%
Pre-Show: 15-Man New Japan RumbleGreat Kabuki
22.7%
Pre-Show: 15-Man New Japan RumbleYoshiaki Fujiwara
21.3%

You're not logged in!

Compare scores with friends on all Sporcle quizzes.
OR
Log In

From the Vault

10 Most Populous Countries in Order

by jackmerlin

It's going to be tough to get these countries in order, there's just too many people to move around.
Remove Ads.
Support Sporcle.
Get the best of Sporcle when you Go Orange. This ad-free experience offers more features, more stats, and more fun while also helping to support Sporcle. Thank you for becoming a member.

Show Comments

Extras

Top Quizzes Today


Score Distribution

Your Account Isn't Verified!

In order to create a playlist on Sporcle, you need to verify the email address you used during registration. Go to your Sporcle Settings to finish the process.

Report this User

Report this user for behavior that violates our Community Guidelines.

Details: